|
|
|
|
| LEADER |
00622cam a2200169 7i4500 |
| 001 |
0000027579 |
| 005 |
20120321090000.0 |
| 090 |
0 |
0 |
|a P 629.287
|b MAL
|
| 110 |
2 |
0 |
|a Malaysia External Trade Development Corporation (MATRADE)
|
| 245 |
2 |
0 |
|a Automotive spare parts in Egypt.
|
| 260 |
0 |
0 |
|a Cairo, Egypt:
|b MATRADE Cairo,
|c 2011.
|
| 300 |
# |
# |
|a 20 p.
|
| 440 |
0 |
0 |
|a Product Market Study : 2011
|
| 650 |
0 |
0 |
|a Automotive --
|x Equipment and supplies --
|x Markets --
|z Egypt
|
| 650 |
0 |
0 |
|a Automotive --
|x Equipment and supplies --
|x Rules and regulation --
|z Egypt
|
| 651 |
0 |
0 |
|a Egypt
|
| 999 |
|
|
|a 0000029795
|b Book
|c Products
|e Business Information Centre
|